| 000 | 00813nam a2200217 a 4500 | ||
|---|---|---|---|
| 999 |
_c3971 _d3971 |
||
| 001 | 3971 | ||
| 003 | BD-JhCC | ||
| 005 | 20171120120205.0 | ||
| 008 | 171120s1978 bg ||||| ||a| 000 0 ben d | ||
| 035 | _a(BD-JhCC)3971 | ||
| 040 |
_aBD-JhCC _dBD-JhCC |
||
| 041 | _aben | ||
| 082 |
_a891.4409 _bMON 1978 |
||
| 100 | _aমনিরুজ্জামান, মোহাম্মদ | ||
| 245 |
_aমোফাজ্জল হায়দার চৌধুরী রচনাবলী, প্রথম খন্ড / _cমোহাম্মদ মনিরুজ্জামান (সংকলিত ও সম্পাদিত) |
||
| 260 |
_aঢাকা : _bবাংলা একাডেমী, _c1978. |
||
| 300 |
_a676 p. : _c21 cm. |
||
| 650 | _aCollection of Works | ||
| 942 |
_2ddc _cBK |
||